| 000 | 00912cad a22002415a 4500 | ||
|---|---|---|---|
| 001 | L159560 | ||
| 008 | 100312s2011 xxk f f 001 0 eng d | ||
| 020 | _a9781842196724 | ||
| 035 | _a(Sirsi) u159560 | ||
| 041 | 0 | _aeng | |
| 050 | 0 | 4 | _a333.332 $2 18 |
| 110 | 2 |
_aRoyal Institution of Chartered Surveyors _94900 |
|
| 245 | 0 | 0 | _aValuation methods for the Indian market |
| 260 |
_aLondon _bRICS _c2011 |
||
| 300 | _aeBook | ||
| 490 | 0 | _aRICS Information Paper | |
| 520 | _aProvides basic introduction to the methods of valuation most frequently used to assess the Market Value of real estate in India. | ||
| 650 | 2 | 4 | _aRICS VALUATION STANDARDS |
| 651 | 4 | _aIndia | |
| 690 |
_aValuation _96273 |
||
| 856 | 4 | 0 |
_uhttps://www.rics.org/Global/Downloads/Valuation_methods_for_the_Indian_Market_2011.pdf _zAccess the guidance notes and practice statements free of charge at www.rics.org/guidance... |
| 942 | _n0 | ||
| 999 |
_c116000 _d116000 |
||